Instalaciones eléctricas : soluciones a problemas en baja y alta tensión
| Main Author: | |
|---|---|
| Format: | Section = Libro |
| Language: | Undetermined Spanish |
| Published: |
Madrid, España
Paraninfo
2009
|
| Edition: | 3a.ed. |
| Subjects: |
| LEADER | 00618nam a2200217Ia 4500 | ||
|---|---|---|---|
| 008 | 240829s9999 xx 000 0 und d | ||
| 020 | |a 978-84-283-2843-2 | ||
| 040 | |a BIBLIOTECA-RUSB/ 621.31 S238 | ||
| 041 | |a spa | ||
| 082 | |a 621.31 S238 | ||
| 100 | 1 | |a Sanz Serrano, José Luis | |
| 245 | 1 | 0 | |a Instalaciones eléctricas : soluciones a problemas en baja y alta tensión |
| 250 | |a 3a.ed. | ||
| 260 | |a Madrid, España |b Paraninfo |c 2009 | ||
| 300 | |a 313 p. :il. | ||
| 650 | 7 | |a ELECTRICIDAD | |
| 650 | 7 | |b INSTALACIONES ELECTRICAS | |
| 650 | 7 | |c INGENIERIA ELECTRICA | |
| 942 | |c BK |2 ddc | ||
| 991 | |a TEXTO | ||
| 999 | |c 2958 | ||